Miss spider's wedding

Bibliographic Details
Main Author: Kirk, David
Corporate Author: Title
Format: Book
Published: London : Puffin , 2006
Subjects:

MARC

LEADER 00000cam a2200000 7i4500
001 0000007237
005 20151222.0
008 070829
020 |a 0141500727 
090 0 0 |a JF   |b NS ENG (8085) 
100 1 |a Kirk, David 
245 1 0 |a Miss spider's wedding   |c David Kirk 
260 |a London :   |b Puffin ,   |c 2006 
500 |a Children ages 7-9 years old (orange) 
650 0 |a Junior fiction   |x English   |x Languages 
650 0 |a Nursery rhymes 
710 0 |a Title 
999 |a 0000988312   |b Book   |c Children Collection   |e Perbadanan Perpustakaan Awam Johor 
999 |a 0000988313   |b Book   |c Children Collection   |e Perbadanan Perpustakaan Awam Johor